Państwa które NIE kończą się na literę "A" w języku polskim - Statystyki

Ogólne statystyki
  • Ten quiz został rozwiązany 797 razy
    755 od ostatniego zresetowania
  • Średni wynik to 67 z 95
Statystyki odpowiedzi
Odpowiedź % Poprawnych
Chiny
88%
Niemcy
87%
Włochy
86%
Czechy
85%
Oman
83%
Irak
82%
Iran
82%
Meksyk
82%
Stany Zjednoczone
82%
Białoruś
81%
Indie
81%
Luksemburg
81%
Afganistan
80%
Egipt
80%
Pakistan
80%
Tadżykistan
80%
Maroko
79%
Turkmenistan
79%
Urugwaj
79%
Watykan
79%
Chile
78%
Izrael
78%
Jemen
78%
Kazachstan
78%
Liechtenstein
78%
Peru
78%
Cypr
76%
Kosowo
76%
Monako
76%
Uzbekistan
76%
Azerbejdżan
75%
Kirgistan
75%
Niger
75%
Węgry
75%
Wietnam
75%
Fidżi
74%
Haiti
74%
Kongo
74%
San Marino
74%
Liban
73%
Paragwaj
73%
Zjednoczone Emiraty Arabskie
73%
Republika Południowej Afryki
72%
Sudan
72%
Ekwador
71%
Laos
71%
Czad
70%
Filipiny
70%
Honduras
70%
Katar
70%
Madagaskar
70%
Nepal
70%
Zimbabwe
70%
Togo
69%
Kuwejt
68%
Seszele
68%
Sudan Południowy
68%
Tajwan
68%
Mali
67%
Palau
67%
Bhutan
66%
Wybrzeże Kości Słoniowej
66%
Bahrajn
65%
Belize
65%
Lesotho
65%
Malediwy
65%
Senegal
65%
Kiribati
64%
Trynidad i Tobago
64%
Bahamy
63%
Dżibuti
63%
Mauritius
63%
Timor Wschodni
63%
Tuvalu
63%
Burundi
62%
Nauru
62%
Surinam
62%
Vanuatu
62%
Bangladesz
61%
Benin
61%
Brunei
61%
Eswatini
61%
Kamerun
61%
Singapur
61%
Gabon
60%
Komory
60%
Mozambik
59%
Salwador
59%
Barbados
58%
Burkina Faso
56%
Gwinea Bissau
56%
Sierra Leone
56%
Malawi
55%
St. Kitts i Nevis
48%
St. Vincent i Grenadyny
47%
Nie znaleziono quizów pasujących do podanych kryteriów
Rozkład punktacji
Procent ludzi z każdym wynikiem
Percentyl według liczby udzielonych odpowiedzi
Twoja historia wyników
Nie rozwiązałeś tego quizu od ostatniego zresetowania